000 00592nam a2200217Ia 4500
005 20250508163803.0
008 008 250505s9999 xx 000 0 eng d
020 _a81-250-0964-7
037 _aTextual
040 _aFEDL
_beng
_cFEDL
041 _aeng
_2eng
084 _a364.65, BRO
_qFEDL
100 _aBronson Marsha
_9776354
245 0 _aAmnesty international
260 _aHyderabad, India
_bOrient Longmans
_c1996
300 _a64p.
365 _aINR
_b55
546 _aAcc No. 087138 is RSPEE book
942 _cTEXL
_h364.65, BRO
999 _c1385248
_d1385248